000 00682nam a22002177a 4500
005 20260327111825.0
010 _aENG-147983
020 _a9789364446136
_c925.00
035 _aEN-131516
037 _bDBAD
082 _a000
_21
100 _aSharma Arun
_988788
245 _aLOGICAL REASONING for CAT
_cSnehil Tripathi
_bCommon Admission test & Other Management Examinations
250 _a1
260 _aIndia
_bMcGraw Hill Education Private Limited
_c2026
270 _aAnjana complex no: 5/90A, Butt Road, St. Thomas Mount,
_bchennai
_c600016
300 _avpp.
_c26cm(pb)
490 _v1,4,5,6,7,8
700 _988786
942 _2ddc
_cEN
_h000
_mSHA
_e1
999 _c215777
_d215777